000 00274nam a2200121Ia 4500
008 220216s9999 xx 000 0 und d
100 _aMajumdar Samir
245 0 _aTyre noise
260 _bRubberchem Review
_c2006
300 _a29-34
650 _aTyre noise
942 _cJS
999 _c71670
_d71670